000 00353 a2200121 4500
000 nam a22 7a 4500
005 20260429105812.0
020 _a9781529623192
100 _aCatherine Dawson
_91235947
245 _aResearch Methods Made Simple : Stories, Games & Puzzles to Help You Understand
260 _bSage Publications
_c2025
942 _cTEXL
999 _c1848628
_d1848628